| 000 | 00434cam a22001217a 4500 | ||
|---|---|---|---|
| 008 | 180718b1965 xxu||||| |||| 00| 0 eng d | ||
| 082 | _aA81x54 In2/61/11/Pt6/2 | ||
| 100 | _aCensus of India 1961 | ||
| 245 | _aMysore: village survey monographs, Thamimani village, Mercara taluk, Coorg district | ||
| 260 |
_aDelhi _bThe Manager of Publications _c1965 |
||
| 300 | _a55+p. | ||
| 440 | _aCensus of India 1961. Volume XI, Mysore. Part VI No.2 | ||
| 999 |
_c483992 _d483992 |
||